Histoire de France - Cours moyen : Cours moyen (notice n° 2129549)
[ vue normale ]
| 000 -LEADER | |
|---|---|
| fixed length control field | 00746cam a2200133 4500500 |
| 005 - DATE AND TIME OF LATEST TRANSACTION | |
| control field | 20260405022113.0 |
| 041 ## - LANGUAGE CODE | |
| Language code of text/sound track or separate title | fre |
| 042 ## - AUTHENTICATION CODE | |
| Authentication code | dc |
| 100 10 - MAIN ENTRY--PERSONAL NAME | |
| Personal name | Lavisse, Ernest |
| Relator term | author |
| 245 00 - TITLE STATEMENT | |
| Title | Histoire de France - Cours moyen : Cours moyen |
| 260 ## - PUBLICATION, DISTRIBUTION, ETC. | |
| Name of publisher, distributor, etc. | Armand Colin,<br/> |
| Date of publication, distribution, etc. | 2021.<br/> |
| 520 ## - SUMMARY, ETC. | |
| Summary, etc. | De l’histoire de la Gaule à la fin de la Première Guerre mondiale, voici l’Histoire de France pour le cours moyen rédigé par Ernest Lavisse. L’ouvrage a été publié en 1922. Nous republions ce titre en ouvrage « collector » agrémenté d’une préface d’Olivier Loubes propre à recontextualiser son contenu. |
| 856 41 - ELECTRONIC LOCATION AND ACCESS | |
| Uniform Resource Identifier | <a href="https://shs.cairn.info/histoire-de-france-cours-moyen--9782200629472?lang=fr&redirect-ssocas=7080">https://shs.cairn.info/histoire-de-france-cours-moyen--9782200629472?lang=fr&redirect-ssocas=7080</a> |
Pas d'exemplaire disponible.




Réseaux sociaux